Analyse numérique : résolution approchée d'équations aux dérivées partielles /
Guardado en:
| Autor Principal: | |
|---|---|
| Formato: | Libro |
| Idioma: | French |
| Publicado: |
Paris :
Presses universitaires de France,
1970.
|
| Series: | Collection SUP. Le mathématicien ;
3 |
| Etiquetas: |
Agregar Etiqueta
Sin Etiquetas, Sea el primero en etiquetar este registro!
|
| LEADER | 00625cam a22001815a 4500 | ||
|---|---|---|---|
| 001 | MAT.inmabb002385 | ||
| 008 | 810225s1970####fr#######b####000#0#fre#d | ||
| 005 | 20160602162321.0 | ||
| 245 | 1 | 0 | |a Analyse numérique : |b résolution approchée d'équations aux dérivées partielles / |c par Roger Temam. |
| 260 | |a Paris : |b Presses universitaires de France, |c 1970. | ||
| 300 | |a 118 p. ; |c 18 cm. | ||
| 440 | 0 | |a Collection SUP. |p Le mathématicien ; |v 3 | |
| 504 | |a Bibliografía: p. 117-118. | ||
| 510 | 4 | |a MR, |c 43 #1450 | |
| 100 | 1 | |a Temam, Roger. | |
| 084 | |a 65Nxx |2 msc2000 | ||
| 010 | |a 77493929 | ||
| 859 | |h 65 |i T278 |p A-4056 |b BIB. MATEMATICA | ||
